Bevölkerungsreichste Landkreise Deutschlands - Statistiken

Allgemein
  • Dieses Quiz wurde 70 mal gespielt
  • Das Durchschnittsergebnis liegt bei 7 aus 20
Antwortstatistiken
Bevölkerungszahl Landkreis % Korrekt
1.177.676 Hannover, Region
76%
564.444 Aachen, Städteregion
55%
490.251 Mettmann
55%
620.646 Recklinghausen
45%
610.537 Rhein-Sieg-Kreis
42%
458.722 Rhein-Kreis Neuss
39%
467.511 Wesel
39%
542.582 Esslingen
38%
480.989 Rhein-Erft-Kreis
38%
553.689 Ludwigsburg
32%
399.447 Unna
32%
556.645 Rhein-Neckar-Kreis
30%
401.318 Böblingen
27%
434.002 Main-Kinzig-Kreis
23%
408.579 Märkischer Kreis
23%
456.392 Karlsruhe
21%
459.195 Steinfurt
21%
444.390 Ortenaukreis
18%
434.369 Rems-Murr-Kreis
18%
381.627 Borken
15%
Keine übereinstimmenden Quizze gefunden
Verteilung der Resultate
Anzahl Personen mit jedem Resultat
Perzentil nach korrekt beantworteten Fragen
Ihre Resultats-Entwicklung
Sie haben dieses Quiz noch nicht gespielt